| 000 | 00719nam a2200169 i 4500 | ||
|---|---|---|---|
| 001 | 185043 | ||
| 003 | ES-MaACL | ||
| 005 | 20250903084240.0 | ||
| 008 | 160308s1879 sp |||| | spa d | ||
| 245 | 0 | 3 |
_aEl Teatro _b: colección de obras dramáticas y líricas, literarias y de educación de Hijos de A. Gullón : catálogo de las obras pertenecientes a dicha Colección o Galería en 1º de marzo de 1879. |
| 260 |
_aMadrid : _bHijos de A. Gullón, _c1879. |
||
| 300 |
_a60 p. ; _c21 cm. |
||
| 650 | 7 |
_aCatálogos de editores- _yS.XIX _2 _9169796 |
|
| 650 | 4 |
_aTeatro (Género literario)- _vBibliografías. _917364 |
|
| 852 |
_aES-MaACL _j1528-F-7 _z.- Firma manuscrita Gustavo Saenz Diez |
||
| 999 |
_c185043 _d185043 |
||